header

The nature of difference (Record no. 20349)

MARC details
000 -LEADER
fixed length control field 01959nam a2200433Ia 4500
245 04 - TITLE STATEMENT
Title The nature of difference
260 ## - PUBLICATION, DISTRIBUTION, ETC. (IMPRINT)
Place of publication Cambridge, Mass. :
Name of publisher MIT Press,
Year of publication c2008.
300 ## - PHYSICAL DESCRIPTION
Number of Pages xv, 380 p. :
Other physical details ill. (some col.)
650 #0 - SUBJECT ADDED ENTRY--TOPICAL TERM
Topical Term Race
Topical Term Race
Topical Term Science
Topical Term Science
Topical Term Difference (Psychology)
Topical Term Difference (Psychology)
Topical Term Race awareness
Topical Term Race awareness
700 1# - ADDED ENTRY--PERSONAL NAME
Personal name Hammonds, Evelynn Maxine.
Personal name Herzig, Rebecca M.,
856 40 - ELECTRONIC LOCATION AND ACCESS
Uniform Resource Identifier http://site.ebrary.com/lib/rucke/Doc?id=10276627

No items available.

© 2026 Rongo University
Contact us: librarian | system librarian | Rongo university